00321nam a22001097a 4500082003300000100002000033245003500053260005100088300002700139526003700166650000800203 a526.9054bSURcL-Tech, P-108 aSurvey of India aSurvey of India general report aCalcuttabThe surveyor general of Indiacc1939 a83 p. :bill. ;c24 cm a0b0c0d526_905400000000000_SUR aMCE